00405pab a2200133 454500008004000000100002000040245011600060260000900176300001400185362000800199650002700207650001900234773001800253180718b2007 xxu||||| |||| 00| 0 eng d aPuri, Satish K. aIntegrating scientific with indigenous knowledge: constructing knowledge alliances for land management in India c2007 ap.355-79. aJun aLand economics - India aLand economics aMIS Quarterly